000 00472nam a2200193Ia 4500
008 170918s9999 xx 000 0 und d
020 _a439314143
050 _bL675 2000
100 _aLewis, Paeony
245 _aI'll always love you /
245 _cPaeony Lewis ; illustrated by Penny Ives.
260 _aNew York :
260 _bScholastic,
260 _c2000
300 _aunpaged :
300 _bcolored illustration ;
300 _c23cm.
500 _a240
999 _c341078
_d341078